000 00806nam a22002897a 4500
001 BR2018000454
003 BR-BrBNA
005 20230928105231.0
007 ta
008 230509b bl.||||| |||| 00| 0 por d
040 _aBR-BrBNA
_bpor
_cBiblioteca Nacional de Agricultura
041 _a(Por)
072 _aP06
090 _ P06 BR2018000454
100 1 _aMenezes, R.S.(org.)
110 1 _aUniversidade Federal de Lavras, MG (Brasil)
245 1 _aBiodiesel no Brasil: impulso tecnológico, vol. 1
260 3 _aLavras, MG (Brasil):
_c2016.
300 _a242 p.
500 _aSeveral bibliography; 106 illus.; 33 tables
650 _aBIOCOMBUSTÍVEL
650 _aÓLEO DIESEL
650 _aBIOMASSA
650 _aMEIO AMBIENTE
909 _a202309
_bLucia
_c55
_dLucia Elande
942 _cBK
999 _c84194
_d84194